Материаловедение и слесарное дело: учебное пособие

Podrobná bibliografie
Hlavní autor: Чумаченко Ю. Т. Юрий Тимофеевич
Shrnutí:В учебном пособии приведены основные сведения о строении, физико-механических и технологических свойствах материалов, изложены вопросы термической обработки металлов и сплавов, правила выполнения основных видов слесарной обработки металлов, виды инструмента для каждой слесарной операции, приемы их выполнения и методы организации рабочего места. Кроме того, приведены правила пользования основным измерительным инструментом. Содержится информация о полимерных, композиционных и неметаллических материалах, а также рассмотрены эксплуатационные качества горюче-смазочных материалов. Учебное пособие разработано на основе государственного образовательного стандарта РФ ОСТ 9 ПО 02.2.19-2000 и соответствует требованиям к минимуму содержания предмета "Материаловедение" (ОСТ 9 ПО 03.04.01-95) и уровню подготовки квалифицированных рабочих в профессиональных образовательных учреждениях, связанных с ремонтом и обслуживанием машин и механизмов, обработкой различных материалов.
Jazyk:ruština
Vydáno: Ростов-на-Дону, Феникс, 2010
Vydání:5-е изд.
Edice:Начальное профессиональное образование
Témata:
Médium: MixedMaterials Kniha
KOHA link:https://koha.lib.tpu.ru/cgi-bin/koha/opac-detail.pl?biblionumber=195041

MARC

LEADER 00000nam0a2200000 4500
001 195041
005 20231101224609.0
010 |a 9785222167991 
035 |a (RuTPU)RU\TPU\book\212741 
090 |a 195041 
100 |a 20110503d2010 m y0rusy50 ca 
101 0 |a rus 
102 |a RU 
105 |a a j 001zy 
200 1 |a Материаловедение и слесарное дело  |e учебное пособие  |f Ю. Т. Чумаченко 
205 |a 5-е изд. 
210 |a Ростов-на-Дону  |c Феникс  |d 2010 
215 |a 396 с.  |c ил. 
225 1 |a Начальное профессиональное образование 
320 |a Библиогр.: с. 391. 
330 |a В учебном пособии приведены основные сведения о строении, физико-механических и технологических свойствах материалов, изложены вопросы термической обработки металлов и сплавов, правила выполнения основных видов слесарной обработки металлов, виды инструмента для каждой слесарной операции, приемы их выполнения и методы организации рабочего места. Кроме того, приведены правила пользования основным измерительным инструментом. Содержится информация о полимерных, композиционных и неметаллических материалах, а также рассмотрены эксплуатационные качества горюче-смазочных материалов. Учебное пособие разработано на основе государственного образовательного стандарта РФ ОСТ 9 ПО 02.2.19-2000 и соответствует требованиям к минимуму содержания предмета "Материаловедение" (ОСТ 9 ПО 03.04.01-95) и уровню подготовки квалифицированных рабочих в профессиональных образовательных учреждениях, связанных с ремонтом и обслуживанием машин и механизмов, обработкой различных материалов. 
606 1 |a Материаловедение  |2 stltpush  |3 (RuTPU)RU\TPU\subj\41248  |9 61053 
606 1 |a Слесарное дело  |x Производственное обучение  |2 stltpush  |3 (RuTPU)RU\TPU\subj\55143  |9 73203 
610 1 |a материалы 
610 1 |a структура 
610 1 |a свойства 
610 1 |a металлы 
610 1 |a сплавы 
610 1 |a железо 
610 1 |a углерод 
610 1 |a термическая обработка 
610 1 |a сталь 
610 1 |a конструкционные материалы 
610 1 |a чугун 
610 1 |a цветные металлы 
610 1 |a неметаллические материалы 
610 1 |a горюче-смазочные материалы 
610 1 |a автомобильные масла 
610 1 |a автомобильное топливо 
610 1 |a бензины 
610 1 |a дизельное топливо 
610 1 |a моторные масла 
610 1 |a трансмиссионные масла 
610 1 |a слесарные работы 
610 1 |a разметка 
610 1 |a рубка 
610 1 |a правила 
610 1 |a рихтовка 
610 1 |a гибка 
610 1 |a резание 
610 1 |a опиливание 
610 1 |a сверление 
610 1 |a зенкерование 
610 1 |a шабрение 
610 1 |a резьба 
610 1 |a нарезание 
610 1 |a неразъемные соединения 
610 1 |a измерительные инструменты 
610 1 |a учебные пособия 
675 |a 620.22(075.32)  |v 3 
675 |a 683.3(075.32)  |v 3 
700 1 |a Чумаченко  |b Ю. Т.  |g Юрий Тимофеевич 
801 1 |a RU  |b 63413507  |c 20110503 
801 2 |a RU  |b 63413507  |c 20200824  |g RCR 
942 |c BK 
959 |a 44/20110427  |d 1  |e 525,00  |f ЧЗТЛ:1